000
00303nam a2200097Ia 4500
008
240331s9999 xx 000 0 und d
082
_b
MEE
100
_a
Meenakshi ammal, K.N
245
0
_a
Inthiyarin Ilankai Vaalkaiyin Nilamai :
_b
Inthiyarai Viradda Vendumenkira Ilankai Manthirikalukku Ethirppu
942
_c
L
999
_c
4218
_d
4218